000 00643nam a2200289Ia 4500
005 20260324132405.0
008 008 260324s9999 xx 000 0 eng d
020 _a9780203356432
037 _aEBOOK
040 _aCRL
040 _beng
040 _cCRL
041 _2eng
041 _aeng
084 _qCRL
100 _aAmjad Jaimoukha
_91189101
245 4 _aThe Chechens
245 2 _bA Handbook
260 _bTaylor and Francis
260 _c2004
365 _a
365 _b290
856 _uhttp://www.taylorfrancis.com/books/9780203356432
942 _cEBOOK
999 _c1787175
_d1787175